Normal view MARC view

Entry Personal Name

Number of records used in: 61

001 - CONTROL NUMBER

  • control field: 1996

003 - CONTROL NUMBER IDENTIFIER

  • control field: OSt

005 - DATE AND TIME OF LATEST TRANSACTION

  • control field: 20110427150626.0

008 - FIXED-LENGTH DATA ELEMENTS

  • fixed length control field: 110427|||a|||||| | ||| d

040 ## - CATALOGING SOURCE

  • Original cataloging agency: OSt
  • Transcribing agency: OSt

100 ## - HEADING--PERSONAL NAME

  • Personal name: Rwakafuuzi, Ladislaus Kiiza.

670 ## - SOURCE DATA FOUND

  • Source citation: Work cat.: (OSt)0: Uganda. 554, KALR's family practice legislation of Uganda :, [2001]